MARC

LEADER 00000nam0a2200000 4500
001 35666
005 20231101210322.0
035 |a (RuTPU)RU\TPU\book\36103 
035 |a BOOK00002755 
090 |a 35666 
100 |a 20011210d1986 m y0rusy50 ca 
101 0 |a rus 
102 |a RU 
105 |a a j 000zy 
200 1 |a Сборник задач по начертательной геометрии  |e учебное пособие  |f С. А. Фролов 
210 |a Москва  |c Машиностроение  |d 1986 
215 |a 175 с.  |c ил. 
606 |a Начертательная геометрия  |2 stltpush  |3 (RuTPU)RU\TPU\subj\45211  |9 64468 
610 1 |a задачи 
610 1 |a сборники 
610 1 |a геометрические фигуры 
610 1 |a проекции 
610 1 |a алгоритмы 
610 1 |a учебные пособия 
675 |a 514.18(076)  |v 3 
700 1 |a Фролов  |b С. А.  |g Сергей Аркадьевич 
801 0 |a RU  |b 63413507  |c 20011210  |g PSBO 
801 2 |a RU  |b 63413507  |c 20200902  |g PSBO 
900 |a Начертательная геометрия, инженерная графика 
942 |c BK